Statistics for Countries Bordering Most Coastal Countries

Click here to take the quiz!

General Stats

  • This quiz has been taken 39 times
  • The average score is 9 of 14

Answer Stats

Country% Correct
10Russia
97%
7Brazil
97%
6China
97%
7Saudi Arabia
91%
6Turkey
83%
5Mali
63%
6Iraq
60%
5Ethiopia
57%
5Serbia
57%
5Laos
54%
5Zambia
46%
5Syria
37%
5Belarus
34%
5Guinea
29%

Score Distribution

Percentile by Number Answered

Percent of People with Each Score

Your Score History

You have not taken this quiz